000 00811cam a22002414a 4500
001 12835614
005 20180208032212.0
008 020628s2003 meua b 001 0 eng
010 _a 2002026824
020 _a1571103589 (alk. paper)
040 _aDLC
_cDLC
_dDLC
041 _aeng
042 _apcc
080 _a808.0420712
082 0 0 _a808.042.0712 ROS
_221
100 1 _a48
101 _aEDU
245 1 0 _aWriting for real :
_cRoss M. Burkhardt ; foreword by John H. Lounsbury.
504 _aIncludes bibliographical references (p. [283]-284) and index.
906 _a7
_bcbc
_corignew
_d1
_eocip
_f20
_gy-gencatlg
942 _2ddc
_cBK
999 _c42059
_d42059